Städte Mecklenburg-Vorpommerns - Sudden Death - Statistiken

Allgemein
  • Dieses Quiz wurde 496 mal gespielt
    120 seit der letzten Aktualisierung
  • Das Durchschnittsergebnis liegt bei 6 aus 14
Answers on the Grid
Answers color-coded by a green-red scale on the quiz's grid according to % correct below.
Lübeck
Strelitz
Rostock
Wismar
Güstrow
Schwerin
Swinemünde
Stralsund
Calau
Plauen
Waren
Anklam
Lauenburg
Rügen
Ribnitzgarten
Neubrandenburg
Wolfgast
Crivitz
Parchim
Pritzwalk
Lüchow
Grimma
Hagenow
Damme
Fehmarn
Barth
Ludwigsthal
Sternberg
Greifswald
Grevenbroich
 
Antwortstatistiken
Antwort % Korrekt
Schwerin
64%
Neubrandenburg
61%
Stralsund
61%
Wismar
58%
Rostock
56%
Greifswald
53%
Anklam
49%
Güstrow
44%
Parchim
42%
Waren
39%
Hagenow
29%
Barth
17%
Sternberg
12%
Crivitz
3%
Keine übereinstimmenden Quizze gefunden
Verteilung der Resultate
Anzahl Personen mit jedem Resultat
Perzentil nach korrekt beantworteten Fragen
Ihre Resultats-Entwicklung
Sie haben dieses Quiz seit der letzten Aktualisierung nicht gespielt